<?xml version="1.0" encoding="UTF-8"?>
<collection xmlns="http://www.loc.gov/MARC21/slim">
 <record>
  <leader>01405nam a2200217Ia 4500</leader>
  <controlfield tag="001">CTU_236016</controlfield>
  <controlfield tag="008">210402s9999    xx            000 0 und d</controlfield>
  <datafield tag="082" ind1=" " ind2=" ">
   <subfield code="a">370.52</subfield>
  </datafield>
  <datafield tag="082" ind1=" " ind2=" ">
   <subfield code="b">K96</subfield>
  </datafield>
  <datafield tag="100" ind1=" " ind2=" ">
   <subfield code="a">Kitaok, Shin'ichi</subfield>
  </datafield>
  <datafield tag="245" ind1=" " ind2="0">
   <subfield code="a">Self-respect and independence of mind :</subfield>
  </datafield>
  <datafield tag="245" ind1=" " ind2="4">
   <subfield code="b">The challenge of Fukuzawa Yukichi</subfield>
  </datafield>
  <datafield tag="245" ind1=" " ind2="0">
   <subfield code="c">Kitaoka Shinichi ; translated by James M. Vardaman</subfield>
  </datafield>
  <datafield tag="260" ind1=" " ind2=" ">
   <subfield code="a">Japan Publishing Industry Foundation for Culture</subfield>
  </datafield>
  <datafield tag="260" ind1=" " ind2=" ">
   <subfield code="b">Tokyo</subfield>
  </datafield>
  <datafield tag="260" ind1=" " ind2=" ">
   <subfield code="c">2017</subfield>
  </datafield>
  <datafield tag="520" ind1=" " ind2=" ">
   <subfield code="a">&quot;It is said that Japan is currently experiencing its third opening to the outside world. However, in terms of importance, rather than the so-called second opening--which refers to the reforms following World War II--the more significant opening was that of the Meiji Restoration, initiated and carried out by the Japanese themselves. Consequently, as Japan today finds itself feeling trapped with a sense of despair, it is to the Meiji era that we should turn, and more than to anyone else, the person we should turn to is Fukuzawa Yukichi. With the general reader in mind, this volume brings together the results of the present-day research into the accomplishments of Fukuzawa as part of an overall appraisal of the man himself&quot;--Back cover.</subfield>
  </datafield>
  <datafield tag="650" ind1=" " ind2=" ">
   <subfield code="a">Giáo dục,Education</subfield>
  </datafield>
  <datafield tag="650" ind1=" " ind2=" ">
   <subfield code="z">Nhật Bản,Japan</subfield>
  </datafield>
  <datafield tag="910" ind1=" " ind2=" ">
   <subfield code="a">Tuyến</subfield>
  </datafield>
  <datafield tag="980" ind1=" " ind2=" ">
   <subfield code="a">Trung tâm Học liệu Trường Đại học Cần Thơ</subfield>
  </datafield>
 </record>
</collection>
